BIBLIOTECA

SENCICO

Cálculo Estructural (Registro nro. 989)

Detalles MARC
000 -LEADER
fixed length control field 00740nam a2200289Ia 4500
005 - DATE AND TIME OF LATEST TRANSACTION
control field 20251020182455.0
008 - FIXED-LENGTH DATA ELEMENTS--GENERAL INFORMATION
fixed length control field 200515s9999 xx 000 0 und d
020 ## - INTERNATIONAL STANDARD BOOK NUMBER
International Standard Book Number 84-7721-710-9
082 ## - DEWEY DECIMAL CLASSIFICATION NUMBER
Classification number 624.016.4/G27
100 ## - MAIN ENTRY--PERSONAL NAME
Personal name Gasch Salvador, Manuel
100 ## - MAIN ENTRY--PERSONAL NAME
Personal name Gash Molina, Isabel
245 #0 - TITLE STATEMENT
Title Cálculo Estructural
260 ## - PUBLICATION, DISTRIBUTION, ETC.
Place of publication, distribution, etc. Valencia
260 ## - PUBLICATION, DISTRIBUTION, ETC.
Name of publisher, distributor, etc. Universidad Politécnica de Valencia
260 ## - PUBLICATION, DISTRIBUTION, ETC.
Date of publication, distribution, etc. [2006]
300 ## - PHYSICAL DESCRIPTION
Extent 265 p.
300 ## - PHYSICAL DESCRIPTION
Other physical details tbl., graf.
500 ## - GENERAL NOTE
General note 1 ejemplar
650 ## - SUBJECT ADDED ENTRY--TOPICAL TERM
Topical term or geographic name entry element CALCULO DE ESTRUCTURAS
650 ## - SUBJECT ADDED ENTRY--TOPICAL TERM
Topical term or geographic name entry element CALCULO MATRICIAL
650 ## - SUBJECT ADDED ENTRY--TOPICAL TERM
Topical term or geographic name entry element EDIFICACIONES
650 ## - SUBJECT ADDED ENTRY--TOPICAL TERM
Topical term or geographic name entry element ESTRUCTURAS
650 ## - SUBJECT ADDED ENTRY--TOPICAL TERM
Topical term or geographic name entry element METODO DE LA RIGIDEZ
650 ## - SUBJECT ADDED ENTRY--TOPICAL TERM
Topical term or geographic name entry element SIMPLIFICACIONES POR SIMETRIA
942 ## - ADDED ENTRY ELEMENTS (KOHA)
Koha item type Libros
Existencias
Fecha de la última vez que lo usaron Pago total Signatura topográfica completa Código de barras Precio efectivo desde Tipo de documento Estado perdido Estado dañado No es para préstamo Retirado Ubicación permanente Ubicación actual Fecha de adquisición
15/05/2020   624.016.4/G27 Bib-Lima15050989 15/05/2020 Libros         Biblioteca Central Lima Biblioteca Central Lima 15/05/2020